NASCAR Multiple Choice- Champions - Statistics

General Stats
  • This quiz has been taken 293 times
    196 since last reset
  • The average score is 12 of 15
Answer Stats
Question Answer % Correct
Which driver has not won seven championships? Cale Yarborough
95%
Which track held the finale from 2002-2019? Homestead-Miami Speedway
92%
In 1992, driver/owner Alan Kulwicki celebrated his championship by doing what after the race was over? Doing a Polish (backwards) victory lap.
87%
Who won the 2007 championship? Jimmie Johnson
84%
Who won the 2017 championship? Martin Truex Jr
84%
Who won the 2000 championship? Bobby Labonte
82%
Tony Stewart tied with who for the 2011 championship? Carl Edwards
82%
Dale Earnhardt won all of his championships with which manufacturer? Chevrolet
82%
In 2014, NASCAR introduced a new playoff system. Who won in the inaugural elimination format? Kevin Harvick
82%
In 2012, which Dodge driver won in Dodge's final Cup season? Brad Keselowski
79%
Who won the first ever championship? Red Byron
74%
Which team has never won a Cup championship? Chip Ganassi Racing
71%
In what year did Richard Petty win his final championship? 1979
66%
All of these drivers have won three championships except who? Bobby Allison
63%
Kyle Busch won the 2015 championship despite only running how many races? 25
39%
No matching quizzes found
Score Distribution
Percent of People with Each Score
Percentile by Number Answered
Your Score History
You have not taken this quiz since the last reset